Which President Signed It? Quiz Stats

Quiz not verified by Sporcle

Challenge
Share
Tweet
Embed
Score 0/30 Timer 07:00
1 Play Today
% Correct
Abraham Lincoln
94%
George W. Bush
90.1%
Franklin D. Roosevelt
87.6%
Bill Clinton
86.3%
Barack Obama
83.2%
Lyndon B. Johnson
80.8%
Richard Nixon
80%
Andrew Jackson
78.5%
George Washington
76.9%
Dwight D. Eisenhower
75.3%
John Adams
74%
George H. W. Bush
73.8%
Harry S. Truman
73.4%
Theodore Roosevelt
72.4%
Calvin Coolidge
70.2%
% Correct
Ronald Reagan
68.1%
William McKinley
67.2%
Woodrow Wilson
63%
Herbert Hoover
62.7%
Andrew Johnson
61.6%
James Madison
59.3%
Ulysses S. Grant
59.2%
John Tyler
56.8%
Franklin Pierce
55.9%
James Monroe
54.1%
Millard Fillmore
50.7%
Chester A. Arthur
41.6%
Grover Cleveland
39.9%
Rutherford B. Hayes
36.9%
Benjamin Harrison
36%

You're not logged in!

Compare scores with friends on all Sporcle quizzes.
Join for Free
OR
Log In

You Might Also Like...

Show Comments

Extras

Top Quizzes Today


Score Distribution

Your Account Isn't Verified!

In order to create a playlist on Sporcle, you need to verify the email address you used during registration. Go to your Sporcle Settings to finish the process.

Report this User

Report this user for behavior that violates our Community Guidelines.

Details: